000
00283nam a22001217a 4500
008
170522b xxu||||| |||| 00| 0 eng d
041
_a
eng
080
_a
94(7/8)
100
_a
16
101
_a
SHH
245
_a
HISTORY OF THE UNITED STATES TO 1877
_c
WILLIAMS, T.H
942
_2
udc
_c
BK
999
_c
13815
_d
13815